000 00575nam a22001937a 4500
005 20251108170542.0
008 250721s1996 xx 000 0 ara d
082 1 4 _aط/ق/بير
100 1 _aبيرجسترم، جونيلا
245 1 0 _aتصبح على خير يا برهان /
264 1 _aقبرص :
_bدار المنى للنشر،
_c1996.
300 _a23ص : مص
650 1 7 _aأدب الأطفال
650 1 7 _aالروايات
650 1 7 _aالأدب المترجم
700 1 _aزريقات، منى
_eترجمة
942 _2ddc
_cBK
999 _c43309
_d43309